Statistics for Tampa Bay Lightning Roster 2022

Click here to take the quiz!

General Stats

  • This quiz has been taken 673 times
    (250 since last reset)
  • The average score is 13 of 22

Answer Stats

Pos, #BirthplacePlayer% Correct
F, 86Adygeya, RUSNikita Kucherov
96%
F, 91Ontario, CANSteven Stamkos
96%
D, 77Västernorrland, SWEVictor Hedman
93%
F, 21Alberta, CANBrayden Point
92%
G, 88Tyumen', RUSAndrei Vasilevskiy
89%
D, 98Tatarstan, RUSMikhail Sergachev
82%
F, 17Nova Scotia, CANAlex Killorn
66%
D, 81Košice, SVKErik Černák
63%
F, 41Île-de-France, FRAPierre-Édouard Bellemare
63%
F, 38Saskatchewan, CANBrandon Hagel
62%
F, 20Ontario, CANNick Paul
59%
F, 10Ontario, CANCorey Perry
58%
F, 14Missouri, USAPat Maroon
58%
F, 79New Jersey, USARoss Colton
53%
G, 1Ontario, CANBrian Elliott
50%
D, 28Michigan, USAIan Cole
41%
D, 52Colorado, USACal Foote
36%
F, 90Moskva, RUSVladislav Namestnikov
34%
D, 48Minnesota, USANick Perbix
31%
D, 7Saskatchewan, CANHaydn Fleury
25%
D, 5New Brunswick, CANPhilippe Myers
17%
F, 45Minnesota, USACole Koepke
10%

Score Distribution

Percentile by Number Answered

Percent of People with Each Score

Your Score History

You have not taken this quiz since the last reset